Drapeaux des pays de la Coupe du monde de rugby 2019. - Statistiques

Statistiques générales
  • Ce quiz a été pris 1 513 fois
  • Le résultat moyen est 19 sur 20
Statistiques - réponses
Par images Hint Réponse % Correct
Japon
100%
Afrique du Sud
99%
Italie
99%
Argentine
98%
Canada
98%
Ecosse
98%
Etats-Unis
98%
France
98%
Poule B Nouvelle-Zélande
98%
Poule C Angleterre
97%
Poule D Australie
97%
Russie
96%
Uruguay
96%
Pays de Galles
95%
Géorgie
94%
Fidji
92%
Poule A Irlande
88%
Samoa
86%
Tonga
86%
Namibie
84%
Aucun quiz correspondant
Distribution des résultats
% des personnes avec chaque résultat
Percentile par nombre de réponses
Votre historique - résultats
Vous n’avez pas pris ce quiz